Poemes

Gardado en:
Detalles Bibliográficos
Autor Principal: Chatillon, Pierre
Formato: Libro
Idioma:Undetermined
Publicado: Quebec, Canadá Éditions du Noroit 1983
Materias:
Etiquetas: Engadir etiqueta
Sen Etiquetas, Sexa o primeiro en etiquetar este rexistro!

MARC

LEADER 00000nam a2200000Ia 4500
008 170316s9999 xx 000 0 und d
040 |a cru BVZT 
090 |a 818 C-13p 
100 |a Chatillon, Pierre 
245 |a Poemes 
260 |a Quebec, Canadá 
260 |b Éditions du Noroit 
260 |c 1983 
300 |a 347 páginas 
650 |a LITERATURA CANADIENSE 
999 |c 6375  |d 6375 
942 |c 15 D  |h 818 C-13p  |2 z